Programming with ANSI C++ / (Record no. 20526)
[ view plain ]
| 000 -LEADER | |
|---|---|
| fixed length control field | 00795cam a22002655a 4500 |
| 001 - CONTROL NUMBER | |
| control field | 15189176 |
| 005 - DATE AND TIME OF LATEST TRANSACTION | |
| control field | 20151208135647.0 |
| 006 - FIXED-LENGTH DATA ELEMENTS--ADDITIONAL MATERIAL CHARACTERISTICS--GENERAL INFORMATION | |
| fixed length control field | a||||f ||z 00| 0 |
| 008 - FIXED-LENGTH DATA ELEMENTS--GENERAL INFORMATION | |
| fixed length control field | 080221s2013 ii a fr 001 0 eng d |
| 020 ## - INTERNATIONAL STANDARD BOOK NUMBER | |
| International Standard Book Number | 0198083963 |
| 020 ## - INTERNATIONAL STANDARD BOOK NUMBER | |
| International Standard Book Number | 9780198083962 |
| 040 ## - CATALOGING SOURCE | |
| Original cataloging agency | DLC |
| Transcribing agency | DLC |
| Modifying agency | EG-ScBUE |
| Language of cataloging | eng |
| 082 04 - DEWEY DECIMAL CLASSIFICATION NUMBER | |
| Edition number | 22 |
| Classification number | 005.133 |
| Item number | TRI |
| 100 1# - MAIN ENTRY--PERSONAL NAME | |
| Personal name | Trivedi, Bhushan. |
| 9 (RLIN) | 38875 |
| 245 10 - TITLE STATEMENT | |
| Title | Programming with ANSI C++ / |
| Statement of responsibility, etc | Bhushan Trivedi. |
| 250 ## - EDITION STATEMENT | |
| Materials specified | 2nd ed. |
| 260 ## - PUBLICATION, DISTRIBUTION, ETC. (IMPRINT) | |
| Place of publication, distribution, etc | New Delhi : |
| Name of publisher, distributor, etc | Oxford University Press, |
| Date of publication, distribution, etc | 2013. |
| 300 ## - PHYSICAL DESCRIPTION | |
| Extent | xix, 623 p. : |
| Other physical details | ill. ; |
| Dimensions | 24 cm. + |
| Accompanying material | 1 (CD/ROM) |
| 490 0# - SERIES STATEMENT | |
| Series statement | Oxford higher education |
| 500 ## - GENERAL NOTE | |
| General note | Index : p. 617-623. |
| 650 #0 - SUBJECT ADDED ENTRY--TOPICAL TERM | |
| Topical term or geographic name as entry element | C++ (Computer program language) |
| Source of heading or term | BUEsh |
| 9 (RLIN) | 3406 |
| 651 ## - SUBJECT ADDED ENTRY--GEOGRAPHIC NAME | |
| Source of heading or term | BUEsh |
| 653 ## - INDEX TERM--UNCONTROLLED | |
| Resource For college | Informatics and Computer Science |
| Arrived date list | August2015 |
| -- | December2015 |
| 942 ## - ADDED ENTRY ELEMENTS (KOHA) | |
| Source of classification or shelving scheme | Dewey Decimal Classification |
| Withdrawn status | Lost status | Source of classification or shelving scheme | Damaged status | Not for loan | Koha collection | Home library | Current library | Shelving location | Date acquired | Source of acquisition | Cost, normal purchase price | Serial Enumeration / chronology | Total Checkouts | Full call number | Barcode | Date last seen | Date last borrowed | Cost, replacement price | Koha item type |
|---|---|---|---|---|---|---|---|---|---|---|---|---|---|---|---|---|---|---|---|
| Dewey Decimal Classification | Baccah | Central Library | Central Library | Lower Floor | 16/08/2015 | Purchase | 246.00 | 21759 | 1 | 005.133 TRI | 000030818 | 15/07/2025 | 26/04/2022 | 308.00 | Book - Borrowing | ||||
| Dewey Decimal Classification | Baccah | Central Library | Central Library | Lower Floor | 16/08/2015 | Purchase | 246.00 | 21759 | 005.133 TRI | 000031497 | 24/08/2022 | 308.00 | CD | DVD - With book |